[Event "Club Championships B Grade"]
[Site "Wellington Chess Club"]
[Date "2020.10.08"]
[Round "2.9"]
[White "Marney, John"]
[Black "Asher, Bruce"]
[Result "1-0"]
[WhiteElo "1660"]
[BlackElo "1187"]

1. e4 c5 2. Nf3 Nc6 3. d4 e6 4. c3 Nf6 5. Bd3 d5 6. e5 Ne4 7. Nbd2 Nxd2 8. Qxd2
c4 9. Bc2 h6 10. Qe2 b5 11. Bd2 Qb6 12. O-O Be7 13. Kh1 g6 14. Be3 b4 15. Qd2
b3 16. axb3 cxb3 17. Bd3 g5 18. h3 f5 19. exf6 Bxf6 20. Rfe1 Qc7 21. Bg6+ Kf8
22. Bh5 e5 23. dxe5 Nxe5 24. Nxe5 Bxe5 25. Qxd5 Bb7 26. Bc5+ Kg7 27. Qxe5+ Qxe5
28. Rxe5 Bc6 29. Re7+ Kf6 30. Ra6 Rac8 31. Bf3 Kf5 32. Bxc6 Rhd8 33. Be4+ Kf4
34. Be3# 1-0

[Event "Club Championships B Grade"]
[Site "Wellington Chess Club"]
[Date "2020.10.08"]
[Round "2.10"]
[White "Kibblewhite, Daniel"]
[Black "Rudykh, Richard"]
[Result "1-0"]
[WhiteElo "1640"]
[BlackElo "1500"]

1. d4 d6 2. e4 e5 3. d5 Nf6 4. Bg5 a6 5. c4 h6 6. Bxf6 Qxf6 7. Qf3 Qg6 8. Nc3
Bg4 9. Qg3 Nd7 10. Be2 h5 11. f3 h4 12. Qxg4 Qxg4 13. fxg4 Be7 14. Nf3 h3 15.
gxh3 Rxh3 16. O-O-O g6 17. Rdf1 Nf6 18. Ng5 Rh4 19. h3 Nh7 20. Nxh7 Rxh7 21.
Nd1 Bg5+ 22. Kc2 c6 23. Kd3 O-O-O 24. Ne3 Kc7 25. Rf3 Rdh8 26. Rhf1 b5 27.
Rxf7+ Rxf7 28. Rxf7+ Kb6 29. dxc6 Kxc6 30. Nd5 Kc5 31. Rc7# 1-0

[Event "Club Championships B Grade"]
[Site "Wellington Chess Club"]
[Date "2020.10.08"]
[Round "2.11"]
[White "Rudykh, Dmitry"]
[Black "Hurndell, Robert"]
[Result "1/2-1/2"]
[WhiteElo "1500"]
[BlackElo "1623"]

1. e4 c5 2. Bc4 Nc6 3. c3 Nf6 4. d3 e6 5. a3 Be7 6. h3 O-O 7. Be3 d5 8. exd5
exd5 9. Ba2 Bd6 10. Bg5 Re8+ 11. Ne2 h6 12. Bh4 g5 13. Bg3 Bxg3 14. fxg3 Qe7
15. O-O Qxe2 16. Qxe2 Rxe2 17. Rxf6 Kg7 18. Rf2 Re1+ 19. Rf1 Rxf1+ 20. Kxf1 Be6
21. Nd2 Ne5 22. Ke2 Rd8 23. Nf3 f6 24. Rd1 Nc6 25. g4 Kf7 26. b4 b6 27. bxc5
bxc5 28. d4 c4 29. Rf1 Rb8 30. Rf2 Ke7 {31. Draw agreed} 1/2-1/2

[Event "Club Championships B Grade"]
[Site "Wellington Chess Club"]
[Date "2020.10.08"]
[Round "2.12"]
[White "Webster, Jamie"]
[Black "Keay, Matt"]
[Result "1-0"]
[WhiteElo "1747"]
[BlackElo "1500"]

1. e4 e5 2. Nf3 Nc6 3. Bb5 a6 4. Ba4 Nf6 5. O-O b5 6. Bb3 Bc5 7. a4 b4 8. c3
O-O 9. d4 exd4 10. cxd4 Ba7 11. e5 Na5 12. Bc2 Nd5 13. Bxh7+ Kxh7 14. Ng5+ Kg8
15. Qh5 Re8 16. Qxf7+ Kh8 17. Qh5+ Kg8 18. Qh7+ Kf8 19. Qh8+ Ke7 20. Qxg7# 1-0

[Event "Club Championships B Grade"]
[Site "Wellington Chess Club"]
[Date "2020.10.08"]
[Round "2.13"]
[White "Farrington, Lawrence"]
[Black "Laking, Julian"]
[Result "0-1"]
[WhiteElo "1639"]
[BlackElo "1500"]

1. e4 e5 2. Nf3 Nc6 3. Nc3 Nf6 4. Bb5 d6 5. d4 Bd7 6. O-O h6 7. d5 Nb8 8. Bxd7+
Nbxd7 9. Qe2 c6 10. b4 Rc8 11. Bb2 Qb6 12. Ba3 Qc7 13. Rac1 Be7 14. Rfd1 O-O
15. Bb2 Nb6 16. Ba1 cxd5 17. Nxd5 Nbxd5 18. exd5 Qc4 19. Qxc4 Rxc4 20. c3 Ne4
21. a3 Rfc8 22. Rd3 Bd8 23. Rc2 b5 24. Nd2 Nxd2 25. Rcxd2 Bb6 26. Kf1 f5 27.
Ra2 Kf7 28. a4 Kf6 29. f3 Re8 30. axb5 e4 31. fxe4 fxe4 32. Rd1 g5 33. Re2 Kg6
34. g3 Rf8+ 35. Kg2 h5 36. Rf1 Rf5 37. Rxf5 Kxf5 38. h3 g4 39. hxg4+ hxg4 40.
Re1 e3 41. Kf1 Ke4 42. Ke2 Rc7 43. Rf1 Rh7 44. c4 Rh2+ 45. Ke1 Kd3 46. Be5 Re2+
47. Kd1 Rd2+ 48. Kc1 dxe5 49. d6 e2 50. Rh1 Rd1+ 51. Rxd1+ exd1=Q+ 52. Kxd1 e4
53. c5 Bd8 54. c6 e3 55. c7 e2+ 56. Ke1 Bg5 57. Kf2 Be3+ 58. Kg2 e1=Q 0-1

[Event "Club Championships B Grade"]
[Site "Wellington Chess Club"]
[Date "2020.10.08"]
[Round "2.14"]
[White "Guthrie, Milo"]
[Black "Langford, Josh"]
[Result "1-0"]
[WhiteElo "1500"]
[BlackElo "1413"]

1. d4 Nf6 2. Bf4 c6 3. e3 Qb6 4. Nc3 Qxb2 5. Nge2 Qb6 6. Rb1 Qa5 7. Qd2 d5 8.
h3 e6 9. Ne4 Qxa2 10. N2c3 Nxe4 11. Nxa2 Nxd2 12. Kxd2 Be7 13. Bd3 O-O 14. Bh2
Nd7 15. g4 c5 16. c3 b6 17. Rhg1 Bb7 18. g5 Rac8 19. h4 f6 20. gxf6 Nxf6 21.
Be5 Rf7 22. Rg2 Nd7 23. Bh2 Bxh4 24. f4 Rcf8 25. Rbg1 e5 26. dxe5 Nb8 27. Rg4
Bd8 28. f5 Nc6 29. e6 Re7 30. Bd6 g6 31. fxg6 Rf2+ 32. Ke1 1-0

[Event "Club Championships B Grade"]
[Site "Wellington Chess Club"]
[Date "2020.10.08"]
[Round "2.15"]
[White "Wang, Cheng Qi(Max)"]
[Black "Ibbotson, Matt"]
[Result "0-1"]
[WhiteElo "1500"]
[BlackElo "1500"]

1. e4 c5 2. Nf3 d6 3. d4 cxd4 4. Nxd4 a6 5. Nc3 Nf6 6. Be3 e5 7. Nb3 Be7 8. Qd2
Nc6 9. Bd3 Be6 10. O-O-O Nb4 11. a3 Nxd3+ 12. cxd3 Bxb3 13. Rde1 Rc8 14. Kb1 d5
15. exd5 Nxd5 16. Nxd5 Qxd5 17. g3 Bc2+ 18. Ka1 a5 19. d4 Bxa3 20. dxe5 Bxb2+
21. Kxb2 Qb3+ 22. Ka1 Qa3# 0-1

[Event "Club Championships B Grade"]
[Site "Wellington Chess Club"]
[Date "2020.10.15"]
[Round "3.1"]
[White "He, Caleb"]
[Black "Carroll, Lewis"]
[Result "0-1"]
[WhiteElo "1862"]
[BlackElo "1681"]

1. c4 c5 2. g3 Nf6 3. Bg2 Nc6 4. Nf3 g6 5. O-O Bg7 6. d4 cxd4 7. Nxd4 O-O 8.
Nc3 d6 9. Nxc6 bxc6 10. Bxc6 Rb8 11. Bg2 Qc7 12. Nd5 Nxd5 13. cxd5 Bxb2 14. Rb1
Bxc1 15. Qxc1 Qxc1 16. Rfxc1 Ba6 17. Bf3 Rxb1 18. Rxb1 Rc8 19. Rb2 Kg7 20. h4
Kf6 21. e3 Rc1+ 22. Kh2 Bc4 23. e4 Ra1 24. Rb4 Bd3 25. Rb3 Bc4 26. Rc3 Bb5 27.
Rb3 a6 28. Rb2 Ke5 29. h5 Bc4 30. hxg6 hxg6 31. Rb4 Bb5 32. Rb2 Bd3 33. Be2
Bxe4 34. g4 Rh1+ 35. Kg3 Rg1+ 36. Kh2 Rg2+ 0-1

[Event "Club Championships B Grade"]
[Site "Wellington Chess Club"]
[Date "2020.10.15"]
[Round "3.2"]
[White "Symon, Christopher"]
[Black "Brockway, Andrew"]
[Result "1/2-1/2"]
[WhiteElo "1500"]
[BlackElo "1803"]

1. Nf3 c5 2. e4 g6 3. Bc4 Nc6 4. O-O Bg7 5. c3 Nf6 6. Re1 O-O 7. d4 cxd4 8.
cxd4 d5 9. e5 Ng4 10. Bb3 Nh6 11. Nc3 Bg4 12. Bxd5 e6 13. Bxc6 bxc6 14. Bxh6
Bxh6 15. Ne4 Bg7 16. Nd6 f6 17. Qb3 Qe7 18. Rad1 Rab8 19. Qc3 fxe5 20. dxe5
Bxf3 21. gxf3 Qg5+ 22. Kf1 Qh5 23. b3 Rxf3 24. Qxc6 Rbf8 25. Ne4 Qh3+ (25...
Qxh2 26. Ke2) 26. Ke2 Qg4 27. Kf1 Qh3+ 28. Ke2 Qg4 29. Kf1 Rh3 30. Nf6+ Bxf6
31. exf6 Rxf6 32. Rd7 Rhf3 33. Rd8+ Kg7 34. Rd7+ Kh6 35. Qc1+ g5 36. Re2 Qh3+
37. Ke1 Qxh2 38. Qc2 R3f5 39. Qc7 Qh1+ 40. Kd2 Rd5+ 41. Rxd5 Qxd5+ 42. Ke1 Qh1+
43. Kd2 Qd5+ 44. Ke1 1/2-1/2

[Event "Club Championships B Grade"]
[Site "Wellington Chess Club"]
[Date "2020.10.15"]
[Round "3.3"]
[White "Laking, Robert"]
[Black "Kibblewhite, Daniel"]
[Result "1-0"]
[WhiteElo "1944"]
[BlackElo "1640"]

1. d4 d5 2. c4 c6 3. Nf3 Nf6 4. Nc3 Bg4 5. Bf4 Nbd7 6. Qb3 Qb6 7. e3 Qxb3 8.
axb3 Bxf3 9. gxf3 e6 10. Rg1 Nh5 11. Bg3 Bb4 12. Be2 Nxg3 13. hxg3 Nf6 14. g4
g5 15. Kd2 Be7 16. Rh1 Kd7 17. e4 h5 18. e5 Ne8 19. Rxh5 Rxh5 20. gxh5 Ng7 21.
f4 gxf4 22. Bg4 Nf5 23. Bxf5 exf5 24. cxd5 cxd5 25. Nxd5 1-0

[Event "Club Championships B Grade"]
[Site "Wellington Chess Club"]
[Date "2020.10.15"]
[Round "3.4"]
[White "Van der Hoorn, Thomas"]
[Black "Lyall, Gordon"]
[Result "1-0"]
[WhiteElo "1522"]
[BlackElo "1944"]

1. e4 c6 2. d4 d5 3. Nc3 dxe4 4. Nxe4 Nf6 5. Nxf6+ exf6 6. c3 Bd6 7. Bd3 O-O 8.
Qc2 Re8+ 9. Ne2 h6 10. Be3 Be6 11. O-O Nd7 12. Ng3 Bxg3 13. hxg3 b5 14. Be4 Rc8
15. a4 a6 16. axb5 axb5 17. Ra6 Nb6 18. Rxb6 Qxb6 19. d5 Qc7 20. dxe6 fxe6 21.
Bf4 e5 22. Be3 Red8 23. Qb3+ Qf7 24. Bh7+ Kf8 25. Bc5+ Ke8 26. Qc2 Kd7 27. Bf5+
Kc7 28. Bxc8 Kxc8 29. Ra1 Kb8 30. Ra7 Qh5 31. Ra1 e4 32. Bd4 c5 33. Be3 Qd5 34.
b4 c4 35. Qa2 Rd7 36. Qa6 Rb7 37. Bc5 Kc7 38. Bd4 Kd7 39. Qa8 Ke6 40. Ra7 Rxa7
41. Qxd5+ Kxd5 42. Bxa7 f5 43. Kf1 h5 44. f3 g5 45. Kf2 Ke6 46. fxe4 fxe4 47.
Ke3 Kf5 48. Bb8 1-0

[Event "Club Championships B Grade"]
[Site "Wellington Chess Club"]
[Date "2020.10.15"]
[Round "3.5"]
[White "Ackroyd, William"]
[Black "Robinson, Max"]
[Result "0-1"]
[WhiteElo "1439"]
[BlackElo "1808"]

1. e4 c5 2. Nf3 d6 3. d4 cxd4 4. Nxd4 Nf6 5. Nc3 g6 6. Be3 Bg7 7. f3 O-O 8. Qd2
Nc6 9. g4 a5 10. Bc4 Nd7 11. Bb3 Nde5 12. Rf1 Nxd4 13. Bxd4 Bd7 14. a3 e6 15.
g5 b5 16. f4 b4 17. axb4 axb4 18. Na2 Nc6 19. Bxg7 Kxg7 20. O-O-O Na5 21. Qxd6
Nxb3+ 22. cxb3 Rxa2 23. Kb1 Qa8 24. Qxd7 Ra1+ 25. Kc2 Rc8+ 0-1

[Event "Club Championships B Grade"]
[Site "Wellington Chess Club"]
[Date "2020.10.15"]
[Round "3.6"]
[White "Stracy, Don"]
[Black "Marney, John"]
[Result "1/2-1/2"]
[WhiteElo "1696"]
[BlackElo "1660"]

1. e4 e5 2. Nf3 Nc6 3. Bb5 Bc5 4. O-O Nd4 5. Nxd4 Bxd4 6. c3 Bb6 7. d4 c6 8.
Bc4 d6 9. dxe5 dxe5 10. Qxd8+ Bxd8 11. Be3 Nf6 12. f3 O-O 13. Nd2 b5 14. Bb3
Re8 15. a4 a6 16. Rfd1 Bb7 17. Nf1 Be7 18. Rd2 Rad8 19. Rad1 Rxd2 20. Rxd2 Rd8
21. Kf2 Rxd2+ 22. Nxd2 Nd7 23. axb5 axb5 24. Bc2 c5 25. c4 bxc4 26. Nxc4 Ba6
27. Bd3 f6 28. Ke2 h5 29. Nxe5 Bxd3+ 30. Nxd3 c4 31. Nf4 Bd6 32. g3 Ne5 33.
Nxh5 Nd3 34. Bd4 Kf7 35. Ke3 Be5 36. Bc3 Nxb2 37. Bd4 Nd1+ 38. Kd2 Bxd4 39.
Kxd1 g5 40. g4 Ke6 41. Ng7+ Ke5 42. Kd2 Bb2 43. Kc2 c3 44. Nh5 Ba1 45. Kd3 Bb2
46. h3 Ba1 47. Kc2 Bb2 48. Ng3 Kf4 49. Nh5+ Ke5 50. Kd3 Ba1 51. Ke3 Bb2 52. Kd3
Ba1 1/2-1/2

[Event "Club Championships B Grade"]
[Site "Wellington Chess Club"]
[Date "2020.10.15"]
[Round "3.7"]
[White "Chen, Wei Kai"]
[Black "Loke, Kayden"]
[Result "0-1"]
[WhiteElo "1931"]
[BlackElo "1500"]

1. e4 e5 2. Nf3 Nf6 3. Nc3 Bb4 4. Bc4 Nc6 5. d3 O-O 6. Bg5 h6 7. Bh4 d6 8. O-O
Bxc3 9. bxc3 Be6 10. Bb3 a5 11. Ba4 Bd7 12. d4 Qe7 13. dxe5 dxe5 14. Bxf6 gxf6
15. Nh4 Rad8 16. Qh5 Kh7 17. f4 Rg8 18. fxe5 Rg5 19. Qe2 Nxe5 20. Bxd7 Nxd7 21.
Nf5 Qc5+ 22. Kh1 Qxc3 23. Rad1 Qe5 24. Rd5 Qe6 25. Rfd1 Re8 26. Rxd7 Rxf5 27.
Rxc7 Qxa2 28. Qg4 Rg5 29. Qd7 Rxe4 30. Rc8 Qe6 31. Qd3 Qxc8 32. Qxe4+ Kg7 33.
Rf1 Qc6 34. Qe2 Qe6 35. Qf2 Kg6 36. c4 Qf5 37. Qe2 Qg4 38. Qc2+ Kg7 39. Qf2 Rg6
40. c5 a4 41. Qd2 Qg5 42. Qb2 Qxc5 43. Qxb7 a3 44. Qb3 Rg5 45. Qf3 Rg6 46. Ra1
a2 47. Qe2 Qa3 48. Qxa2 Qxa2 49. Rxa2 h5 50. h3 f5 51. Kh2 Kf6 52. Ra4 Kg5 53.
Kg3 Rb6 54. h4+ Kg6 55. Kf4 Rb2 56. g3 Rf2+ 57. Ke3 Rg2 58. Ra6+ Kg7 59. Kf3
Rg1 60. Ra5 Kg6 61. Ra6+ f6 62. Ra8 Rf1+ 63. Kg2 Rb1 64. Re8 Rb4 65. Kf3 Rg4
66. Ra8 f4 67. gxf4 Rxh4 68. Ra5 Rh3+ 69. Kg2 Rb3 70. Rd5 h4 71. Rc5 f5 72. Rc8
Rg3+ 73. Kh2 Rf3 74. Rg8+ Kh7 75. Rg5 Rxf4 76. Kh3 Kh6 77. Rg8 Kh5 78. Rh8+ Kg5
79. Rg8+ Kf6 80. Rh8 Ke5 81. Re8+ Kd4 82. Rf8 Ke3 83. Re8+ Kf2 84. Rf8 Ke3 85.
Re8+ Re4 86. Rf8 f4 87. Kxh4 Re7 88. Kg4 Rg7+ 89. Kh3 f3 90. Re8+ Kf2 91. Rf8
Rh7+ 92. Kg4 Kg2 0-1

[Event "Club Championships B Grade"]
[Site "Wellington Chess Club"]
[Date "2020.10.15"]
[Round "3.8"]
[White "Laking, Julian"]
[Black "Wevers, Alexis"]
[Result "0-1"]
[WhiteElo "1500"]
[BlackElo "1830"]

1. e4 c5 2. Nf3 Nc6 3. d4 cxd4 4. Nxd4 g6 5. Nxc6 dxc6 6. Qxd8+ Kxd8 7. Bc4 Ke8
8. Nc3 Bg7 9. Bd2 b5 10. Bd3 e5 11. a3 Nf6 12. f3 Ke7 13. Bg5 Rd8 14. O-O a5
15. Be3 Kf8 16. f4 Ng4 17. Bc5+ Kg8 18. h3 Nf6 19. Rad1 exf4 20. Rxf4 Be6 21.
g4 Nd7 22. Bd6 Ne5 23. Be7 Rd7 24. Bc5 Bh6 25. Rf2 b4 26. Na4 Rb8 27. Kg2 Nc4
28. Rf3 bxa3 29. b3 Nd2 30. Rf2 Nxe4 31. Bxe4 Rxd1 32. Bxa3 Bd5 33. Nc3 Bxe4+
34. Nxe4 a4 35. Nc3 Re1 36. Nxa4 Bf8 37. Bb2 c5 38. Bc3 Re6 39. Rd2 Rbe8 40.
Kg3 Re3+ 41. Kh4 h6 0-1

[Event "Club Championships B Grade"]
[Site "Wellington Chess Club"]
[Date "2020.10.15"]
[Round "3.9"]
[White "Cooke, Xandi"]
[Black "Webster, Jamie"]
[Result "0-1"]
[WhiteElo "1444"]
[BlackElo "1747"]

1. d4 d5 2. c4 c6 3. Nf3 Nf6 4. Nc3 e6 5. a3 Nbd7 6. c5 b6 7. b4 Be7 8. Bf4 O-O
9. e3 Re8 10. Bd3 bxc5 11. bxc5 Qa5 12. Qb3 Ba6 13. Be2 Bxe2 14. Kxe2 Qa6+ 15.
Kd2 Bd8 16. Rhe1 Ba5 17. Kc2 Ne4 18. Nxe4 Bxe1 19. Nd6 Reb8 0-1

[Event "Club Championships B Grade"]
[Site "Wellington Chess Club"]
[Date "2020.10.15"]
[Round "3.10"]
[White "Hurndell, Robert"]
[Black "Lanaquera, Abraham"]
[Result "0-1"]
[WhiteElo "1623"]
[BlackElo "1500"]

1. e4 e5 2. Nf3 Nc6 3. Nc3 d6 4. d4 exd4 5. Nxd4 Be6 6. Nxe6 fxe6 7. Bc4 Qd7 8.
O-O a6 9. Be3 O-O-O 10. a4 Ne5 11. Be2 Nf6 12. b4 d5 13. Qd4 Nc6 14. Qd1 Bxb4
15. Na2 Nxe4 16. Nxb4 Nxb4 17. Bd4 Qf7 18. Rb1 Nc6 19. Ba1 e5 20. Qd3 Nc5 21.
Bg4+ Kb8 22. Qc3 Nxa4 23. Qxc6 Nb6 24. Qe6 Qxe6 25. Bxe6 Nc4 26. Rfd1 c6 27.
Bg4 h5 28. Be2 b5 29. Bxc4 dxc4 30. Bxe5+ Kb7 31. Bxg7 Rxd1+ 32. Rxd1 Re8 33.
Kf1 a5 34. f4 a4 35. f5 Re7 36. f6 Rf7 37. Ke2 b4 38. Rd4 a3 39. Rxc4 c5 40.
Rf4 Kb6 41. Kd2 Kb5 42. Kc1 c4 43. Kb1 b3 44. cxb3 cxb3 45. h3 Rd7 46. Rf1 Rf7
47. g4 Kb4 48. gxh5 a2+ 49. Ka1 Kc3 50. Rf2 Kc4 51. h6 Rd7 52. Kb2 Rd1 53. Rf4+
Kd3 54. Ra4 Rb1+ 55. Ka3 a1=Q+ 56. Kb4 Qd4+ 57. Ka5 Qe5+ 58. Ka6 Qe6+ 59. Kb5
Qd7+ 60. Ka5 b2 61. h7 Qxa4+ 62. Kxa4 Ra1+ 0-1

[Event "Club Championships B Grade"]
[Site "Wellington Chess Club"]
[Date "2020.10.15"]
[Round "3.11"]
[White "Yu, Johnson"]
[Black "Stannard, Lars"]
[Result "1-0"]
[WhiteElo "1193"]
[BlackElo "1552"]

1. e4 e5 2. Nf3 Nc6 3. Bc4 h6 4. O-O Bc5 5. c3 Nf6 6. b4 Bb6 7. d3 d6 8. Be3
O-O 9. Qd2 Bxe3 10. fxe3 Qe7 11. h3 Be6 12. Na3 a6 13. Nh4 b5 14. Bb3 Bxb3 15.
axb3 Qd7 16. Rf3 Ne7 17. Raf1 Qe6 18. c4 c5 19. Qe1 bxc4 20. bxc4 cxb4 21. Qxb4
Rfb8 22. Qd2 Rb3 23. Nb1 Rab8 24. Nc3 Rb2 25. Qe1 Rf8 26. Nd5 (26. Rxf6 $1)
26... Nfxd5 27. cxd5 Qc8 28. Qg3 Qb8 29. Rf6 Kh7 30. Rxf7 Rxf7 31. Rxf7 Qg8 32.
Rxe7 Rb8 33. Qg6+ Kh8 34. Qxd6 Qf8 35. Ng6+ 1-0

[Event "Club Championships B Grade"]
[Site "Wellington Chess Club"]
[Date "2020.10.15"]
[Round "3.12"]
[White "Stannard, Bobby"]
[Black "Osborne, Geoff"]
[Result "1-0"]
[WhiteElo "1504"]
[BlackElo "1287"]

1. e4 d6 2. d4 Nf6 3. Nc3 g6 4. e5 dxe5 5. dxe5 Qxd1+ 6. Nxd1 Nd5 7. Nf3 Bg7 8.
Bc4 c6 9. O-O b5 10. Bxd5 cxd5 11. Nc3 Bb7 12. Nxb5 Na6 13. Bf4 e6 14. Nd6+ Kd7
15. Nxb7 Rab8 16. Nd6 f6 17. exf6 Bxf6 18. Nf7 Bxb2 19. Nxh8 Bxa1 20. Bxb8 Bxh8
21. Be5 Bxe5 22. Nxe5+ Kd6 23. Nd3 e5 24. Re1 e4 25. Nf4 g5 26. Nh3 h6 27. f3
Ke5 28. fxe4 dxe4 29. Nf2 Nc5 30. Ng4+ Kd4 31. Nxh6 Kc3 32. Nf7 Kd2 33. Kf2
Kxc2 34. Nxg5 Nd3+ 35. Ke2 Nxe1 36. Kxe1 Kd3 37. h4 Ke3 38. h5 Kf4 39. h6 1-0

[Event "Club Championships B Grade"]
[Site "Wellington Chess Club"]
[Date "2020.10.15"]
[Round "3.13"]
[White "Adair, Danny"]
[Black "Guthrie, Milo"]
[Result "1/2-1/2"]
[WhiteElo "1500"]
[BlackElo "1500"]

1. e4 c5 2. Nf3 d6 3. d4 cxd4 4. Nxd4 Nf6 5. Nc3 Nc6 6. Be3 e5 7. Ndb5 a6 8.
Na3 Be6 9. f3 d5 10. exd5 Nxd5 11. Nxd5 Qxd5 12. Nc4 Qxd1+ 13. Rxd1 Nb4 14. Bb6
f6 15. c3 Nd5 16. Bf2 Be7 17. a4 O-O 18. a5 Rac8 19. Nb6 Nxb6 20. Bxb6 Bc5 21.
Bxc5 Rxc5 22. Rd6 Re8 23. Bd3 Rxa5 24. Kd2 Rd5 25. Rxd5 Bxd5 26. Re1 Rd8 27.
Kc2 Bb3+ 28. Kxb3 Rxd3 29. Re2 Kf7 30. Kc4 Rd7 31. Kc5 b5 32. g3 h5 33. f4 exf4
34. gxf4 g5 35. fxg5 fxg5 36. Kc6 Re7 37. Rf2+ Kg6 38. Kb6 Re6+ 39. Kc5 Rf6 40.
Rd2 g4 41. c4 h4 42. cxb5 Rf5+ 43. Kd4 axb5 44. Ke4 g3 45. hxg3 hxg3 46. Rg2
Rg5 47. Kf4 Kf6 48. b4 Rf5+ 49. Ke4 Rh5 50. Rxg3 Rh4+ 51. Kd5 Rxb4 52. Rf3+ Ke7
53. Kc5 Rb1 54. Rd3 Ke6 1/2-1/2

[Event "Club Championships B Grade"]
[Site "Wellington Chess Club"]
[Date "2020.10.15"]
[Round "3.14"]
[White "Ibbotson, Matt"]
[Black "Rudykh, Dmitry"]
[Result "0-1"]
[WhiteElo "1500"]
[BlackElo "1500"]

1. e4 e5 2. Nf3 Qf6 3. d4 exd4 4. Bg5 Qb6 5. Qxd4 h6 6. Bh4 Nc6 7. Qxb6 axb6 8.
a3 g5 9. Bg3 d6 10. Bb5 g4 11. Nd4 Bd7 12. c3 Be7 13. O-O Nf6 14. Nd2 Nh5 15.
Rae1 Rf8 16. Nf5 Bg5 17. Nc4 Nxg3 18. fxg3 O-O-O 19. h4 gxh3 20. gxh3 Rde8 21.
Ncxd6+ cxd6 22. Nxd6+ Kc7 23. Nxe8+ Rxe8 24. Rxf7 Be7 25. Rh7 Bg5 26. h4 Bd2
27. Rd1 Be3+ 28. Kf1 Rd8 29. b4 Kc8 30. Rg7 h5 31. Bxc6 bxc6 32. Rh7 Rf8+ 33.
Kg2 Rf2+ 34. Kh1 Bg4 35. Rh8+ Kb7 36. Re1 Bf3+ 37. Kg1 Rg2+ 38. Kf1 Rg1# 0-1

[Event "Club Championships B Grade"]
[Site "Wellington Chess Club"]
[Date "2020.10.15"]
[Round "3.16"]
[White "Rudykh, Richard"]
[Black "Dixon, Hamish"]
[Result "0-1"]
[WhiteElo "1500"]
[BlackElo "1679"]

1. e3 d5 2. h3 Nf6 3. f3 e5 4. Nc3 Nc6 5. d3 Bb4 6. a3 Ba5 7. Ne2 d4 8. Bd2
dxc3 9. bxc3 O-O 10. c4 Bb6 11. a4 a5 12. e4 Nh5 13. h4 f5 14. Nc3 Qd4 15. Qe2
Ng3 16. Qf2 Qxf2+ 17. Kd1 Nxh1 18. Be1 Qxf1 19. Nd5 Nd4 20. Kd2 Qxg2+ 21. Kd1
Qxc2# 0-1

[Event "Club Championships B Grade"]
[Site "Wellington Chess Club"]
[Date "2020.10.15"]
[Round "3.17"]
[White "Langford, Josh"]
[Black "Farrington, Lawrence"]
[Result "1-0"]
[WhiteElo "1413"]
[BlackElo "1639"]

1. e4 e6 2. Nf3 d5 3. Nc3 dxe4 4. Nxe4 Nf6 5. Nxf6+ Qxf6 6. d4 Qd8 7. Bd3 c5 8.
c3 Nc6 9. O-O cxd4 10. cxd4 Be7 11. a3 O-O 12. Bf4 Bd6 13. Bxd6 Qxd6 14. Qc2 f5
15. Rad1 Bd7 16. Rfe1 Rac8 17. Qb3 Na5 18. Qa2 h6 19. Re5 Nc6 20. Rxf5 Rxf5 21.
Bxf5 Ne7 22. Bg4 Nd5 23. Ne5 Be8 24. Re1 Qe7 25. Nd3 Kh8 26. Qxd5 exd5 27. Rxe7
Rb8 28. Nc5 Bc6 29. Bd7 a5 30. Bxc6 bxc6 31. Rb7 Re8 32. Kf1 Rf8 33. Ke2 Rf6
34. f3 h5 35. Nd7 Re6+ 36. Ne5 Re8 37. Kd3 Re6 38. Rc7 Re8 39. Rxc6 a4 40. Rc5
Rb8 41. Kc2 Rb3 42. Rxd5 Re3 43. Kd2 Rb3 44. Nd3 g6 45. Ra5 Rb6 46. Rxa4 Kg7
47. b4 g5 48. Ra5 Kh6 49. Nc5 Rb8 50. Ra6+ Kh7 51. d5 g4 52. d6 gxf3 53. gxf3
Kg8 54. d7 Rd8 55. Rd6 1-0

[Event "Club Championships B Grade"]
[Site "Wellington Chess Club"]
[Date "2020.10.15"]
[Round "3.18"]
[White "Keay, Matt"]
[Black "Wang, Cheng Qi(Max)"]
[Result "1-0"]
[WhiteElo "1500"]
[BlackElo "1500"]

1. e4 e6 2. d4 d5 3. e5 c5 4. c3 Nc6 5. Nf3 Qb6 6. Qb3 Qxb3 7. axb3 cxd4 8.
Nxd4 Nxd4 9. cxd4 Bb4+ 10. Bd2 Bxd2+ 11. Nxd2 f6 12. Bb5+ Bd7 13. Bxd7+ Kxd7
14. Nf3 fxe5 15. Nxe5+ Ke7 16. O-O Nf6 17. Rfc1 Rac8 18. f3 Rxc1+ 19. Rxc1 Rb8
20. g4 Nd7 21. Rc7 Rd8 22. Rxb7 Ke8 23. Rxa7 Nxe5 24. dxe5 Rd7 25. Rxd7 Kxd7
26. Kf2 Kc6 27. Ke3 Kc5 28. f4 g6 29. Kd3 h6 30. b4+ Kxb4 31. f5 gxf5 32. gxf5
exf5 33. e6 f4 34. e7 f3 35. e8=Q f2 36. Qf8+ Kb3 37. Qxf2 Kb4 38. Qc2 h5 39.
Qc3+ Kb5 40. Kd4 h4 41. Qb3+ Ka5 42. Kc5 Ka6 43. Qb6# 1-0

[Event "Club Championships B Grade"]
[Site "Wellington Chess Club"]
[Date "2020.10.22"]
[Round "4.1"]
[White "Carroll, Lewis"]
[Black "Van der Hoorn, Thomas"]
[Result "0-1"]
[WhiteElo "1681"]
[BlackElo "1522"]

1. e4 e5 2. Bc4 Nf6 3. d4 exd4 4. Nf3 Bc5 5. O-O d6 6. Nxd4 O-O 7. Nc3 Nc6 8.
Nxc6 bxc6 9. Bg5 h6 10. Bh4 Re8 11. Qf3 g5 12. e5 Rxe5 13. Bg3 Re8 14. Qxc6 Bg4
15. Rfe1 Rxe1+ 16. Rxe1 Rb8 17. Nb5 Bb6 18. b4 Bd7 19. Qf3 Bxb5 20. Bxb5 Bxf2+
21. Qxf2 Rxb5 22. Rf1 Kg7 23. Qd4 Qe7 24. Be1 Rd5 25. Qxa7 Rd1 26. Qf2 Ng4 27.
Bc3+ Kg8 28. Qa7 Rxf1+ 29. Kxf1 f6 30. h3 Ne3+ 31. Kg1 Qe4 32. Qb8+ Kg7 33.
Qxc7+ Kg6 34. Kf2 Nd1+ 35. Kf1 Qxc2 36. Qb6 Qd3+ 37. Kg1 Nxc3 38. Qb8 Ne4 39.
Qg8+ Kh5 40. Qf7+ Kh4 41. Qe6 Qe3+ 42. Kh2 Qf4+ 43. Kg1 h5 44. Kh1 Ng3+ 45. Kh2
Qf1 46. Qe1 Qxe1 0-1

[Event "Club Championships B Grade"]
[Site "Wellington Chess Club"]
[Date "2020.10.22"]
[Round "4.2"]
[White "Brockway, Andrew"]
[Black "Laking, Robert"]
[Result "0-1"]
[WhiteElo "1803"]
[BlackElo "1944"]

1. e4 c5 2. Nc3 Nc6 3. f4 g6 4. Nf3 Bg7 5. Bb5 Nd4 6. O-O Nxb5 7. Nxb5 d5 8.
exd5 a6 9. Nc3 Nf6 10. d4 Nxd5 11. dxc5 Nxc3 12. Qxd8+ Kxd8 13. bxc3 Bxc3 14.
Rb1 Ba5 15. Ne5 Ke8 16. Rb3 Bc7 17. Bb2 $2 {Mistake. Re1 was best.   (17.Re1)}
17... f6 18. Nd3 Kf7 19. Bc3 Rd8 20. Re1 Rb8 21. Reb1 Be6 {I had 9 minutes vs
his ~35 minutes. 22. Nb4 looked scary and my pieces were cramped so I decided
this resource might be my only respite. I began wondering whether I had
misevaluated and/or misplayed my position because until now, everything felt
fine.} 22. Rxb7 Bxa2 23. R1b2 Rxb7 24. Rxb7 Rc8 25. Bd2 Bd8 26. Be3 $2
{Mistake. Ra7 was best.   White offers a draw with 9:45 on the clock vs my
2:30. I momentarily pause before deciding to play on.   }  (26. Ra7) 26... Bd5
27. Ra7 Ra8 28. Rxa8 Bxa8 29. Nb4 $6 {Inaccuracy. Kf2 was best.}  (29. Kf2 a5
30. g3 Ke6 31. Ke2 Kd5 32. Nb2 Bc6 33. c4+ Ke6 34. Nd1 Be4 35. g4 Bc6) 29... a5
30. Na2 Bc6 31. Kf2 Ke6 32. Ke2 $2 {Mistake. Nc3 was best.}  (32. Nc3 Kd7 33.
g3 Bb7 34. Ke2 Kc6 35. Kd3 Ba6+ 36. Kd4 e6 37. Na4 Bb5 38. Nb2 Be7) 32... Kd5
$6 {Inaccuracy. Bxg2 was best.   I had tunnel-vision on improving my king
position under time pressure and overlooked Bxg2.  }  (32... Bxg2) 33. Kd2 $6
{Inaccuracy. Kd3 was best.}  (33. Kd3 Bb5+) 33... Kc4 34. g3 e5 35. fxe5 fxe5
36. Bf2 {From here on we were both living on 30 second increment. } 36... h5
37. Be3 h4 38. gxh4 Bxh4 39. Ke2 $6 {Inaccuracy. Nc1 was best.  }  (39. Nc1 Bf6
40. Nd3 e4 41. Nf4 g5 42. Ne2 g4 43. Kc1 a4 44. Kb1 Be7 45. Nd4 Bxc5) 39... g5
$2 {Mistake. a4 was best.}  (39... a4 40. Kd2) 40. Bd2 a4 41. Be3 $4 {Blunder.
Bc3 was best. }  (41. Bc3 g4) 41... g4 42. Kd2 Bf6 43. Bf2 $6 {Inaccuracy. Kc1
was best.  }  (43. Kc1 e4) 43... Bb5 $6 {Inaccuracy. Bg5+ was best.  }  (43...
Bg5+ 44. Ke2 Bf4 45. Bg3 Bd5 46. Bxf4 exf4 47. Nc1 a3 48. Kd2 Be4 49. Nb3 a2
50. Na1) 44. Nc3 $4 {Mistake. Bg3 was best. }  (44. Bg3 Bg5+ 45. Kd1 e4 46. c6
Bxc6 47. Nc1 Kd5 48. Be1 e3 49. Bb4 Kc4 50. Bd6 Bf3+) 44... Bg5+ {After this
win I am now tied with two others for first place, on 3.5/4.} 0-1